000 00216nam a22000857a 4500
008 161230b xxu||||| |||| 00| 0 eng d
100 _92243
_aBouryeois.P
245 _aFranklin Messy
260 _aNew Delhi
_bScholastic
_c2008
999 _c5130
_d5130